| 000 | 01166 a2200205 4500 | ||
|---|---|---|---|
| 001 | 29660 | ||
| 005 | 20260407155607.0 | ||
| 008 | 260407a1966 arg spa d | ||
| 003 | AR-UNSa-BCEJYS | ||
| 040 |
_aAR-UNSa-BCEJYS _bspa _cAR-UNSa-BCEJYS |
||
| 080 |
_a510 _xConsideraciones fundamentales y generales de las matemáticas |
||
| 245 | 1 | 0 | _aMatemáticas básicas |
| 264 | 1 |
_aMéxico : _bLimusa-Wiley _c1966 |
|
| 300 |
_a440 p. _c24 cm. |
||
| 505 | _a1.Conceptos básicos – 2. Sistemas numéricos. Sistemas de números racionales – 3. Sistema de números reales. Sistema de números complejos – 4. Valor absoluto, gráficas y funciones – 5. Sistemas de ecuaciones lineales – 6. Vectores, matrices y determinantes – 7. Inducción matemática, y el teorema del binomio – 8. Polinomios y funciones polinomiales – 9. Exponentes. Funciones exponenciales y logarítmicas – 10. Razones y funciones trigonométricas – 11. Funciones trigonométricas inversas – 12. Forma trigonométricas – 13. Solución de triángulos. | ||
| 942 | _cBK | ||
| 590 | _aniveau_biblio:m niveau_hierar:0 | ||
| 100 | 1 | _aTaylor, Howard E. | |
| 700 | 1 | _aWade, Thomas L. | |
| 999 |
_c1931 _d1931 |
||